Loading...
വിദ്യാഭ്യാസത്തിന്റെ വിപ്ലവം /
| Main Author: | |
|---|---|
| Other Authors: | |
| Format: | Printed Book |
| Published: |
Calicut:
Silence-the book shop,
2006.
|
| Edition: | 2nd ed. |
| Subjects: |
| LEADER | 00560cam a2200157ua 4500 | ||
|---|---|---|---|
| 082 | |a M370 |b OSH/V | ||
| 100 | 0 | |a ഓഷോ | |
| 245 | 0 | 0 | |a വിദ്യാഭ്യാസത്തിന്റെ വിപ്ലവം / |
| 250 | |a 2nd ed. | ||
| 260 | |a Calicut: |b Silence-the book shop, |c 2006. | ||
| 300 | |a 300p.. | ||
| 650 | 0 | |a Osho-Vidhyabhasathinte viplavum |a Education | |
| 700 | |a Osho | ||
| 942 | |c BK | ||
| 999 | |c 14004 |d 14004 | ||
| 952 | |0 0 |1 0 |4 0 |6 M_370_000000000000000_OSH |7 0 |9 14601 |a KUCL |b KUCL |d 2014-05-23 |l 3 |m 2 |o M370 OSH/ |p 16453 |r 2019-11-16 |s 2019-10-11 |w 2014-05-23 |y BK | ||